Ancient egyptian literature : a book of readings. vol. III, Thelate period /

محفوظ في:

مؤلف مشترك: Gustave E. von Grunebaum Center for Near Eastern Studies.

مؤلفون آخرون: Lichtheim, Miriam, 1914-2004.

التنسيق: كتاب

اللغة: English

منشور في: Berkeley : University of California Press, 1980.

الموضوعات:

الوسوم: إضافة وسم

لا توجد وسوم, كن أول من يضع وسما على هذه التسجيلة!

رقم الطلب: PJ1943 .L5 1980 v.3

LEADER 00966cam a2200265Mi 4500
001 ocn880422885
003 OCoLC
005 20240205103821.0
008 960728s1980 cau f b 001 0 eng d
020 |a 0520040201 
020 |a 9780520040205 
050 4 |a PJ1943  |b .L5 1980 v.3 
110 2 |a Gustave E. von Grunebaum Center for Near Eastern Studies. 
245 1 0 |a Ancient egyptian literature :  |b a book of readings.  |n vol. III,  |p Thelate period /  |c by Miriam Lichtheim. 
264 1 |a Berkeley :  |b University of California Press,  |c 1980. 
300 |a xiv, 228 pages ;  |c 24 cm 
336 |a text  |b txt  |2 rdacontent 
337 |a unmediated  |b n  |2 rdamedia 
338 |a volume  |b nc  |2 rdacarrier 
504 |a Includes bibliographical references and indexes. 
650 0 |a Egyptian literature  |x Translations into English. 
650 0 |a English literature. 
650 0 |a English literature  |x Translations from Egyptian. 
700 1 |a Lichtheim, Miriam,  |d 1914-2004. 
999 |c 56625  |d 56625